000 00411nam a22001697a 4500
005 20180621121352.0
008 160601b xxu||||| |||| 00| 0 eng d
020 _a978-81-8450-189-6
041 _aeng
082 _b6633
_a658
100 _aMurthy D.B.N.
_91645
245 _aManagement
260 _aNew Delhi
_bDeep & Deep Publication Pvt. Ltd.
300 _a163
650 _aManagement
_9241
942 _cBK
999 _c2317
_d2316